The (Record no. 611996)

MARC details
000 -LEADER
fixed length control field 00483nam a2200181 a 4500
008 - FIXED-LENGTH DATA ELEMENTS--GENERAL INFORMATION
fixed length control field 260212s2009##################000#0#eng##
020 ## - INTERNATIONAL STANDARD BOOK NUMBER
ISBN 9781742168944
082 04 - DEWEY DECIMAL CLASSIFICATION NUMBER
Classification number 330.16
Item number MES
100 1# - MAIN ENTRY--AUTHOR NAME
Personal name Mesiti, Pat,
245 10 - TITLE STATEMENT
Title The
260 ## - PUBLICATION, DISTRIBUTION, ETC. (IMPRINT)
Name of publisher Wiley,
Year of publication 2009.
650 #0 - SUBJECT ADDED ENTRY--TOPICAL TERM
Topical Term Business & Economics.
942 ## - ADDED ENTRY ELEMENTS (KOHA)
Koha item type English Books
245 10 - TITLE STATEMENT
-- Million Reason to Change Your Mind :
Holdings
Withdrawn status Lost status Damaged status Not for loan Home library Current library Shelving location Date acquired Full call number Accession Number Price effective from Koha item type
        Anna Centenary Library Anna Centenary Library 4TH FLOOR, A WING 12.02.2026 330.16 MES 130490 12.02.2026 English Books

Find us on the map